| 000 | 00944cam a2200313 a 4500 | ||
|---|---|---|---|
| 001 | 22682 | ||
| 003 | SK-KTurca | ||
| 005 | 20260415152437.0 | ||
| 008 | 100211s2009 xo d 000 f slo d | ||
| 020 | _a9788089153657 (viaz.) | ||
| 035 | _a(VRT)vtls010029535 | ||
| 040 |
_aPPPK _bslo _cUKB _dSNK _eAACR2 |
||
| 041 | 1 |
_aslo _heng |
|
| 044 |
_axo _cSK |
||
| 072 | 7 |
_a821.111(73) _xAmerická literatúra _2konspekt |
|
| 080 |
_a821.111(73)-31 _22004 |
||
| 080 |
_a(0:82-31) _22004 |
||
| 100 | 1 |
_aPalmer, Michael, _d1942- |
|
| 240 | 1 | 4 |
_aThe second opinion _lSlovensky |
| 245 | 1 | 0 |
_aDruhý verdikt _cMichael Palmer ; [z anglického originálu preložil Róbert Hrebíček] |
| 260 |
_aBratislava _bAktuell _c2009 |
||
| 300 | _a262 s. | ||
| 653 | _a821.111(73)-31 | ||
| 653 | _a(0:82-31) | ||
| 655 | 7 |
_aamerické romány _2UKBPH |
|
| 700 | 1 |
_aHrebíček, Róbert _4trl |
|
| 942 |
_2ddc _cKLDO _n0 |
||
| 999 |
_c22682 _d22682 |
||